The Engish sounds /w/, /l/, /n/, /j/, masterd by students from northerns areas studings in Danang university /

Salvato in:
Dettagli Bibliografici
Autore principale: Đỗ Thị Hạnh Chi
Natura: Sconosciuto
Lingua:English
Pubblicazione: 2005.
Soggetti:
Tags: Aggiungi Tag
Nessun Tag, puoi essere il primo ad aggiungerne! !
Thư viện lưu trữ: Mạng thư viện Đại học Đà Nẵng
LEADER 01216na a2200325 4500
001 000031216
003 5823
005 20230225150409.0
008 151001s2005 000 eng
040 |a LNN 
041 |a eng 
082 |a 420.4  |b ĐÔ-C 
100 |a Đỗ Thị Hạnh Chi 
245 4 |a The Engish sounds /w/, /l/, /n/, /j/, masterd by students from northerns areas studings in Danang university /  |c Đỗ Thị Hạnh Chi. 
260 |c 2005. 
300 |a 44tr. : mh ; 30cm. 
650 |a The Engish sounds /w/, /l/, /n/, /j/, masterd by students from northerns areas studings in Danang university, 2005, 44tr 
852 |c Luận văn sinh viên 
OWN |a LNN 
AVA |a UDN50  |b LNN  |c English  |d 420.4 ĐÔ-C  |e available  |t Error 5001 Not defined in file expand_doc_bib_avail.  |f 2  |g 0  |h N  |i 0  |j AN 
999 |a From the UDN01 
AVA |a UDN50  |b LNN  |c English  |d 420.4 ĐÔ-C  |e available  |t Error 5001 Not defined in file expand_doc_bib_avail.  |f 2  |g 0  |h N  |i 0  |j AN 
TYP |a Printed language 
980 |a Mạng thư viện Đại học Đà Nẵng